| 000 | 00468pab a2200169 454500 | ||
|---|---|---|---|
| 008 | 180718b2001 xxu||||| |||| 00| 0 eng d | ||
| 100 | _aNandy, Vaskar | ||
| 245 | _aWest Bengal election: outcome wide open | ||
| 260 | _c2001 | ||
| 300 | _ap.1292-295 | ||
| 362 | _a21 Apr | ||
| 650 | _aWest Bengal. Legislative Assembly - Elections | ||
| 650 | _aElections - India - West Bengal | ||
| 650 | _aElections | ||
| 773 | _aEconomic and Political Weekly | ||
| 909 | _a48184 | ||
| 999 |
_c48184 _d48184 |
||